02012cam a2200421 450000100060000000300470000600500170005301000250007002000170009507300180011210000410013010100080017110200070017910500180018618100190020418100240022318200100024718200200025720000480027721400380032521400140036321400150037721400180039221500190041021500100042922500350043922500130047430000970048732300190058433006770060341000130128041000550129361000380134868600710138670000330145770000400149080100600153014003http://catalogue.bnf.fr/ark:/12148/cb47177384f20260114113238.0 a9782957958153d5 EUR aFRb02335845 0a9782957958153 a20230130d2022 a y0frey50 ba0 afre aFR a||||z 00|a| 0601ai bxxxe  602ctxt2rdacontent 0601an 602cn2rdamedia1 aCédric et les bâtons de MidgårdbLIVR 0cla Maison théâtredimpr. 2022 3cOtt impr. 0aStrasbourg 3a67-Wasselonne a1 vol. (33 p.) d21 cm aLes cahiers théâtrevn° 6 e9-12 ans aCommande de la Maison théâtre dans le cadre du projet "Dans la cour de notre mythologie" a10 personnages aNawelle, Paco, ainsi qu'un groupe d'enfants parfois farfelus - les Didas - jouent le sauvetage du grand frêne qui aurait dû être abattu en 1989 pour l'aménagement du parc urbain Jean-Michel Jarre. Avant l'arrivée des machines, les enfants de Krisimalheim avaient remis la main sur un mystérieux objet découvert par Cédric quelques mois plus tôt. Formidable occasion de mettre à jour les origines anciennes de leur arbre-cabane, qui n'est pas sans rappeler le Yggdrasil des Vikings. Adrien CORNAGGIA va puiser dans la mythologie nordique pour nous raconter une histoire tendre et décalée sur nos liens avec le passé et ses leçons pour le futur. 0047252827 0tLes Cahiers théâtre (Strasbourg)x3039-5577v6 ajeunesseaadolescenceamythologie a8022Cadre de classement de la Bibliographie nationale française aCornaggiabAdrienf1982-.... 317010341oISNI00000004534429454070 0aFRbFR-751131015c20230130gAFNORhFRBNF471773840000003